Anuario 2013 : (Registro nro. 12398)

Detalles MARC
000 -LEADER
longitud fija campo de control 01169nam a22003857a 4500
003 - IDENTIFICADOR DE NUMERO DE CONTROL
control del campo AR-RoUNA
005 - FECHA DE LA ULTIMA MODIFICACION
control del campo 20260504123745.0
008 - CAMPO DE CONTROL - LIBROS
longitud fija campo de control 260504b |||||||| |||| 00| 0 spa d
020 ## - INTERNATIONAL STANDARD BOOK NUMBER
ISBN 9789872877446
040 ## - ORIGEN DE LA CATALOGACION
Agencia que cataloga la obra original AR-RoUNA
Idioma en que se cataloga spa
041 ## - CODIGO DE IDIOMA
Codigo de idioma del texto / sonido o titulo separado spa
Codigo de idioma de la traduccion original y / o intermedios de texto spa
044 ## - CODIGO DE PAIS / ENTIDAD PRODUCTORA
Codigo MARC del pais ag
245 12 - TITULO PROPIAMENTE DICHO
Titulo Anuario 2013 :
Subtitulo registro de acciones artisticas Rosario /
Mencion de responsabilidad, etc editores Pablo Montini; Georgina Ricci; Lila Siegrist
250 ## - MENCION DE EDICION
Edicion declarada 1a. ed.
260 ## - EDITORIAL - PUBLICACION, DISTRIBUCION, ETC. (Pie de imprenta)
Lugar de publicacion, distribucion, etc Rosario, Santa Fe, Argentina :
Nombre del editor, distribuidor, etc Yo soy Gilda,
Fecha de publicacion 2014
300 ## - DESCRIPCION FISICA
Extension 456 p. :
Otros detalles fisicos fot. byn.,
Dimensiones 30x21 cm
600 1# - MATERIA - NOMBRES PERSONALES
Nombre personal Siegrist, Lila
9 (RLIN) 7216
600 1# - MATERIA - NOMBRES PERSONALES
Nombre personal Ricci, Georgina
9 (RLIN) 7217
600 1# - MATERIA - NOMBRES PERSONALES
Nombre personal Montini, Pablo
9 (RLIN) 5684
650 4# - MATERIA - TERMINO TEMATICO
Término temático general Arte contemporaneo
650 4# - MATERIA - TERMINO TEMATICO
Término temático general Artes visuales
650 4# - MATERIA - TERMINO TEMATICO
Término temático general Teoria del arte
650 4# - MATERIA - TERMINO TEMATICO
Término temático general Formas
650 4# - MATERIA - TERMINO TEMATICO
Término temático general Educacion artistica
651 #0 - MATERIA - NOMBRE GEOGRAFICO
Termino geografico Rosario (Santa Fe, Argentina)
9 (RLIN) 1246
700 1# - ENTRADA SECUNDARIA - NOMBRES PERSONALES
Nombre personal Montini, Pablo
9 (RLIN) 5684
700 1# - ENTRADA SECUNDARIA - NOMBRES PERSONALES
Nombre personal Ricci, Georgina
9 (RLIN) 7217
700 1# - ENTRADA SECUNDARIA - NOMBRES PERSONALES
Nombre personal Siegrist, Lilia
9 (RLIN) 27712
908 ## - SOPORTE
Soporte Imp
930 ## - ACCESION
Numero de accesion (NR) 12325
942 ## - FUENTE DE CLASIFICACION
Clasificacion Universal Decimal Classification
Tipo de item Libro
945 ## - INFORMACION DE PROCESAMIENTO
Codigo del operador MIA
Fecha de ingreso o modificacion 2017-06-22
980 ## - DECLARACIÓN DE EQUIVALENCIA O SERIE DE REFERENCIA CRUZADA - NOMBRE / TÍTULO PERSONAL [LOCAL, CANADÁ]
Nombre del operador que modifico el registro Maricel Allasia
Código del operador 1
Nombre del operador Maricel Allasia
Código del operador que modifico el registro 1
Existencias
Estado retiro Estado perdido Sistema de clasificacion Estado general Restricciones de uso Biblioteca de origen Ubicacion actual Localizacion en estante Fecha de adquisicion Fuente de adquisicion Prestamos totales Signatura y librística Proveedor Numero de ejemplar Tipo de elemento KOHA Nota no publica
Disponible Disponible cdu No dañado Ningun uso de restricciones Arq. Hilarión H. Larguia Arq. Hilarión H. Larguia Ref 04/05/2026 Don   7.08(058) AN636 18487 ej. 1 Libro